Fragile threads of power (Record no. 4559)

MARC details
000 -CABECERA
campo de control de longitud fija 02445cam a2200289o 4500
001 - NÚMERO DE CONTROL
campo de control 10577742
003 - IDENTIFICADOR DEL NÚMERO DE CONTROL
campo de control CaAEU
005 - FECHA Y HORA DE LA ÚLTIMA TRANSACCIÓN
campo de control 20250616074552.0
008 - DATOS DE LONGITUD FIJA--INFORMACIÓN GENERAL
campo de control de longitud fija 240407s2024 xx 0|| 0 eng d
020 ## - NÚMERO INTERNACIONAL ESTÁNDAR DEL LIBRO
Número Internacional Estándar del Libro 9781785658501
035 ## - NÚMERO DE CONTROL DEL SISTEMA
Número de control de sistema (OCoLC)1428894800
040 ## - FUENTE DE LA CATALOGACIÓN
Centro catalogador/agencia de origen YDX
Lengua de catalogación eng
Centro/agencia transcriptor YDX
041 ## - CÓDIGO DE LENGUA
Código de lengua del texto/banda sonora o título independiente eng
100 ## - ENTRADA PRINCIPAL--NOMBRE DE PERSONA
Nombre de persona Schwab, Victoria
9 (RLIN) 24978
Término indicativo de función/relación author
245 10 - MENCIÓN DE TÍTULO
Título Fragile threads of power
Mención de responsabilidad, etc. / Victoria Schwab.
260 ## - PUBLICACIÓN, DISTRIBUCIÓN, ETC.
Lugar de publicación, distribución, etc. London :
Nombre del editor, distribuidor, etc. Titan Books,
Fecha de publicación, distribución, etc. 2024.
300 ## - DESCRIPCIÓN FÍSICA
Extensión 615 pages ;
Dimensiones 20 cm.
520 ## - SUMARIO, ETC.
Sumario, etc. The Sunday Times bestseller, launching a new trilogy in the Shades of Magic universe, an enchanting and thrilling epic fantasy from the international sensation, V. E. Schwab, perfect for fans of Samantha Shannon, Kerri Maniscalco, Leigh Bardugo and R. F. Kuang.<br/><br/>Seven years have passed since the doors between the worlds were sealed. Seven years since Kell, Lila and Holland stood against Osaron, a desperate battle that saved the worlds of Red, Grey and White London. Seven years since Kell's magic was shattered, and Holland lost his life.<br/><br/>Now Rhy Maresh rules Red London with his new family - his queen, Nadiya, their daughter Ren, and his consort, Alucard. But his city boils with conspiracy and rebellion, fuelled by rumours he is causing magic to fade from the word.<br/><br/>Now Kosika, a child Antari, sits on the throne of White London. The new queen leads her people in new rituals of sacrifice and blood in devotion to the altar of Holland Vosijk, summoning vast power she may not be able to control.<br/><br/>Now Lila and Kell, living free on the waves, are charged by the captain of the Floating Market to retrieve an immensely powerful artefact, stolen by secretive forces.<br/><br/>Now Tes, a young woman with a knack for fixing broken things, is thrust into the affairs of Antari and kings, traitors and thieves. And only her unique powers can weave the threads of power together.<br/><br/>A triumphant return to the worlds of The Shades of Magic, The Fragile Threads of Power continues the stories of fan-favourite characters Kell, Lila, Rhy and Alucard, and introduces a new generation of magic, shadows and embers in the dark.
650 #0 - PUNTO DE ACCESO ADICIONAL DE MATERIA--TÉRMINO DE MATERIA
Término de materia o nombre geográfico como elemento de entrada Imaginary places
Subdivisión de forma Fiction
9 (RLIN) 24132
650 #0 - PUNTO DE ACCESO ADICIONAL DE MATERIA--TÉRMINO DE MATERIA
Término de materia o nombre geográfico como elemento de entrada Space and time
Subdivisión de forma Fiction
9 (RLIN) 25451
650 #0 - PUNTO DE ACCESO ADICIONAL DE MATERIA--TÉRMINO DE MATERIA
Término de materia o nombre geográfico como elemento de entrada Kings and rulers
Subdivisión de forma Fiction
9 (RLIN) 25383
650 #0 - PUNTO DE ACCESO ADICIONAL DE MATERIA--TÉRMINO DE MATERIA
Término de materia o nombre geográfico como elemento de entrada Magic
Subdivisión de forma Fiction
9 (RLIN) 24059
651 #0 - PUNTO DE ACCESO ADICIONAL DE MATERIA--NOMBRE GEOGRÁFICO
Nombre geográfico London (England)
9 (RLIN) 22539
655 #0 - TÉRMINO DE INDIZACIÓN--GÉNERO/FORMA
Datos o término principal de género/forma Fantasy fiction
9 (RLIN) 22510
655 #0 - TÉRMINO DE INDIZACIÓN--GÉNERO/FORMA
Datos o término principal de género/forma Science fiction
9 (RLIN) 22728
942 ## - ELEMENTOS DE ENTRADA AGREGADA (KOHA)
Fuente del sistema de clasificación o colocación Clasificación de Library of Congress
Holdings
Estado de retiro Estado de pérdida Fuente del sistema de clasificación o colocación Estado dañado No para préstamo Biblioteca de origen Biblioteca actual Fecha de adquisición Total de préstamos Signatura topográfica completa Código de barras Fecha visto por última vez Número de copia Precio válido a partir de Tipo de ítem Koha
    Clasificación de Library of Congress     TBS Barcelona TBS Barcelona 24/03/2025   P-EN SCH B07543 24/03/2025 1 24/03/2025 Book

Powered by Koha